[Event "Rated Blitz game"]
[Site "?"]
[Date "2021.04.13"]
[Round "?"]
[White "Salimskyi"]
[Black "teddybear1"]
[Result "0-1"]
[WhiteElo "2497"]
[BlackElo "2627"]
[PlyCount "142"]
[EventDate "2021.??.??"]
[EventType "blitz"]
[TimeControl "180"]

1. e4 e5 2. Nf3 Nc6 3. Nc3 Nf6 4. Nxe5 Nxe5 5. d4 Ng6 6. e5 Bb4 7. exf6 Qxf6 8.
Be3 d5 9. Qd2 O-O 10. O-O-O Bf5 11. Kb1 Rfe8 12. Nxd5 Bxd2 13. Nxf6+ gxf6 14.
Rxd2 Be4 15. Rg1 Nh4 16. Bd3 Bxg2 17. Bf1 Kh8 18. Bxg2 Rg8 19. Bf4 Nxg2 20. Bg3
Nh4 21. Rdd1 Nf3 22. Rgf1 c6 23. c3 Rae8 24. Rd3 Ng5 25. Re3 Re6 26. Rfe1 Rge8
27. Rxe6 fxe6 28. Kc2 Kg7 29. h4 Nf7 30. Bf4 Kg6 31. Rg1+ Kf5 32. Be3 Nd6 33.
Rg7 h5 34. Kd3 e5 35. c4 Ke6 36. c5 Nf5 37. Rxb7 exd4 38. Bd2 Nxh4 39. Rh7 Nf3
40. Rxh5 Rd8 41. Rh7 Kd5 42. Rxa7 Ne5+ 43. Ke2 Kxc5 44. b4+ Kc4 45. Rc7 d3+ 46.
Ke3 Re8 47. f4 Ng4+ 48. Kf3 f5 49. Rxc6+ Kd4 50. Rc5 Re2 51. Rxf5 Nh6 52. Rh5
Nf7 53. Rh7 Nd6 54. Rd7 Kd5 55. Be3 Rxa2 56. f5 Kc6 57. Rd8 d2 58. Bxd2 Rxd2
59. f6 Rd1 60. f7 Rf1+ 61. Ke2 Rxf7 62. Rh8 Nb5 63. Rh6+ Kd5 64. Rh5+ Kc4 65.
Rc5+ Kxb4 66. Rc8 Nd4+ 67. Ke3 Nb5 68. Ke4 Re7+ 69. Kf5 Nc3 70. Rb8+ Kc5 71.
Kf6 Nd5+ {Time forfeit} 0-1

[Event "Rated Blitz game"]
[Site "?"]
[Date "2021.04.13"]
[Round "?"]
[White "Salimskyi"]
[Black "King_Moaty"]
[Result "1-0"]
[WhiteElo "2499"]
[BlackElo "2357"]
[PlyCount "101"]
[EventDate "2021.??.??"]
[EventType "blitz"]
[TimeControl "180"]

1. e4 e5 2. Nf3 Nc6 3. Nc3 Nf6 4. Nxe5 Nxe5 5. d4 Nc6 6. d5 Bb4 7. dxc6 Nxe4 8.
Qd4 Bxc3+ 9. bxc3 O-O 10. Be3 Re8 11. cxd7 Qxd7 12. Bd3 Qc6 13. c4 Bf5 14. Qd5
Qg6 15. O-O c6 16. Qa5 b6 17. Qa3 c5 18. Rfe1 Nd6 19. Bf4 Be4 20. Bg3 Bc6 21.
Bf1 Nf5 22. Qc3 Nd4 23. Bd3 Qh5 24. Rxe8+ Rxe8 25. Re1 Rxe1+ 26. Qxe1 Nf3+ 27.
gxf3 Qxf3 28. Kf1 h5 29. h4 g5 30. hxg5 h4 31. Bxh4 Qh3+ 32. Ke2 Qxh4 33. Qg1
Kg7 34. g6 Qh5+ 35. Kd2 fxg6 36. Qg3 Kh6 37. Qc7 Qg5+ 38. Kc3 Qf6+ 39. Kb3 Bf3
40. Qxa7 Bh5 41. Qc7 Qxf2 42. Qe5 Qg1 43. Qh8+ Kg5 44. Qd8+ Kh6 45. Kb2 Qd4+
46. Qxd4 cxd4 47. Be4 Bg4 48. a4 Bf5 49. Bd5 Bd7 50. c5 g5 51. cxb6 {Time
forfeit} 1-0

[Event "Rated Blitz game"]
[Site "?"]
[Date "2021.04.13"]
[Round "?"]
[White "Salimskyi"]
[Black "King_Moaty"]
[Result "1-0"]
[WhiteElo "2506"]
[BlackElo "2350"]
[PlyCount "127"]
[EventDate "2021.??.??"]
[EventType "blitz"]
[TimeControl "180"]

1. e4 e5 2. Nf3 Nc6 3. Nc3 Nf6 4. Nxe5 Nxe5 5. d4 Nc6 6. d5 Bb4 7. dxc6 Nxe4 8.
Qd4 Bxc3+ 9. bxc3 O-O 10. Be3 d5 11. cxb7 Bxb7 12. Be2 c5 13. Qd3 Qa5 14. O-O
Qxc3 15. Qxc3 Nxc3 16. Bf3 Rac8 17. Bd2 Nb5 18. Rab1 Ba6 19. Be2 c4 20. a4 Na3
21. Rbc1 c3 22. Bxa6 cxd2 23. Rcd1 Rxc2 24. f3 Nc4 25. Rf2 Rc1 26. Rfxd2 Rxd1+
27. Rxd1 Nb2 28. Rd4 Rb8 29. Bb5 g6 30. Rxd5 a6 31. Bxa6 Nxa4 32. h4 Rb6 33.
Bc4 Nb2 34. Be2 h5 35. Kf2 Kg7 36. g4 hxg4 37. fxg4 Rb4 38. h5 Na4 39. Rd7 Nc5
40. Ra7 Ne6 41. Kg3 Rb3+ 42. Kf2 Ng5 43. Bc4 Rc3 44. Bd5 Rh3 45. hxg6 Kxg6 46.
Ra6+ Kg7 47. Bb7 Rd3 48. Bc8 Rf3+ 49. Kg2 Rc3 50. Bf5 Nf3 51. Kf2 Nh4 52. Bd7
Rf3+ 53. Ke2 Rg3 54. Ra7 Ng6 55. Be8 Ne5 56. g5 Rxg5 57. Bb5 Kf6 58. Bd3 Rg2+
59. Ke3 Rg5 60. Ke4 Rg3 61. Ra6+ Kg7 62. Be2 Re3+ 63. Kxe3 Nc4+ 64. Bxc4 {
Normal} 1-0

[Event "Rated Blitz game"]
[Site "?"]
[Date "2021.04.13"]
[Round "?"]
[White "Tazi81"]
[Black "ikey80"]
[Result "0-1"]
[WhiteElo "2280"]
[BlackElo "2451"]
[PlyCount "96"]
[EventDate "2021.??.??"]
[EventType "blitz"]
[TimeControl "180+2"]

1. e4 e5 2. Nc3 Nc6 3. Nf3 Nf6 4. Nxe5 Nxe5 5. d4 Ng6 6. e5 Ng8 7. Bc4 c6 8.
Qe2 Be7 9. Ne4 f5 10. exf6 Nxf6 11. Nd6+ Kf8 12. Nf7 Qa5+ 13. Bd2 Qh5 14. Nxh8
Qxe2+ 15. Kxe2 Nxh8 16. Rhe1 Ng6 17. Kf1 d5 18. Bd3 Bd6 19. h3 Nf4 20. Bxf4
Bxf4 21. Re2 Bd7 22. Rae1 Bd6 23. c3 Kf7 24. g4 g5 25. b4 a5 26. a3 axb4 27.
axb4 Ra3 28. Rc2 b5 29. f3 h6 30. Bf5 Bg3 31. Re3 Bf4 32. Re1 Bg3 33. Re3 Ra1+
34. Kg2 Bf4 35. Ree2 Rd1 36. Bxd7 Nxd7 37. Ra2 Nf8 38. Ra7+ Kf6 39. Re8 Ne6 40.
Ra6 Rd2+ 41. Kf1 Kf7 42. Rh8 Bg3 43. Rxc6 Nf4 44. Rc7+ Kg6 45. Rg8+ Kf6 46.
Rf8+ Ke6 47. Re8+ Kd6 48. Rh7 Rd1+ {Normal} 0-1

[Event "Rated Blitz game"]
[Site "?"]
[Date "2021.04.12"]
[Round "?"]
[White "LOWpusher_v_LOWberjz"]
[Black "ducati-64"]
[Result "1-0"]
[WhiteElo "2630"]
[BlackElo "2498"]
[PlyCount "101"]
[EventDate "2021.??.??"]
[EventType "blitz"]
[TimeControl "180"]

1. e4 e5 2. Nf3 Nc6 3. Nc3 Nf6 4. Nxe5 Nxe5 5. d4 d6 6. dxe5 dxe5 7. Qxd8+ Kxd8
8. Bg5 Be6 9. O-O-O+ Bd6 10. f4 Ke7 11. f5 Bd7 12. Nd5+ Ke8 13. Nxf6+ gxf6 14.
Bxf6 Rg8 15. g3 Bc6 16. Bg2 a5 17. Bf3 a4 18. a3 Ra5 19. Rhe1 Rc5 20. g4 b5 21.
c3 Rc4 22. Kb1 Rc5 23. Kc2 Be7 24. Bxe7 Kxe7 25. Kd3 Rc4 26. Ke3 f6 27. h3 h6
28. Rd2 Rd8 29. Rxd8 Kxd8 30. h4 Ke7 31. Rg1 Be8 32. g5 fxg5 33. hxg5 hxg5 34.
Rxg5 Kf6 35. Rg8 Bf7 36. Ra8 c6 37. Rc8 Ke7 38. Rc7+ Kf6 39. Be2 Rc5 40. Kd2
Ba2 41. Bh5 Bb1 42. Ke3 Rc4 43. Bf3 Rc5 44. Rh7 Ba2 45. Be2 Bf7 46. Kf3 Bc4 47.
Bxc4 Rxc4 48. Ke3 c5 49. Rb7 b4 50. Kd3 bxa3 51. bxa3 {Normal} 1-0

[Event "Rated Blitz game"]
[Site "?"]
[Date "2021.04.11"]
[Round "?"]
[White "Silversik"]
[Black "GLeruste"]
[Result "1-0"]
[WhiteElo "2416"]
[BlackElo "2493"]
[PlyCount "93"]
[EventDate "2021.??.??"]
[EventType "blitz"]
[TimeControl "180"]

1. e4 e5 2. Nf3 Nf6 3. Nc3 Nc6 4. Nxe5 Nxe5 5. d4 Ng6 6. e5 Ng8 7. f4 d6 8. Bd3
Nh6 9. O-O Be7 10. f5 dxe5 11. fxg6 Qxd4+ 12. Kh1 hxg6 13. Nb5 Qb6 14. Bc4 Nf5
15. Rf3 e4 16. Rb3 e3 17. Qf3 Bd7 18. Bxe3 Nxe3 19. Rxe3 O-O-O 20. Nxa7+ Qxa7
21. Rxe7 Rh4 22. h3 Rxc4 23. Qxf7 Qd4 24. Rae1 Rxc2 25. Qxg6 Rd2 26. Rxg7 Bc6
27. Qf7 Qb6 28. b4 Kb8 29. a3 Bd5 30. Qf4 Qc6 31. Qxd2 Rh8 32. Qf2 Rxh3+ 33.
Kg1 Rc3 34. Rge7 b6 35. Re8+ Kb7 36. R8e2 Bc4 37. Re3 Rc2 38. Qxc2 Qb5 39. Qf2
c5 40. Qf3+ Ka6 41. bxc5 Qc6 42. Re6 Qxf3 43. Rxb6+ Ka5 44. gxf3 Ka4 45. Re4
Kxa3 46. Rxc4 Ka2 47. Ra4# {Normal} 1-0

[Event "Rated Blitz tournament eobqkamq"]
[Site "?"]
[Date "2021.04.11"]
[Round "?"]
[White "Starinov"]
[Black "DrawsKing"]
[Result "1/2-1/2"]
[WhiteElo "2401"]
[BlackElo "2317"]
[PlyCount "91"]
[EventDate "2021.??.??"]
[EventType "blitz"]
[TimeControl "180"]

1. e4 e5 2. Nf3 Nf6 3. Nc3 Nc6 4. Nxe5 Nxe5 5. d4 Ng6 6. e5 Bb4 7. exf6 Bxc3+
8. bxc3 Qxf6 9. g3 O-O 10. Bg2 c6 11. O-O d5 12. a4 Bf5 13. a5 b6 14. Be3 b5
15. a6 Rfe8 16. Qd2 Nf8 17. Bf4 Qg6 18. Ra2 Ne6 19. Be3 Nc7 20. Re1 Re7 21. f3
Rae8 22. Bf2 Rxe1+ 23. Bxe1 Qe6 24. Kf1 Bh3 25. Bxh3 Qxh3+ 26. Kg1 Ne6 27. Bf2
h6 28. Ra1 Ng5 29. Qd3 Qh5 30. Kg2 Qh3+ 31. Kg1 Re6 32. Re1 Rxe1+ 33. Bxe1 Qe6
34. Bf2 Nh3+ 35. Kg2 Nxf2 36. Kxf2 Qh3 37. Kg1 Qc8 38. Qe2 Qe6 39. Qd2 Kf8 40.
Kf2 Qc8 41. Qf4 Qxa6 42. Qb8+ Ke7 43. Qe5+ Kf8 44. Qb8+ Ke7 45. Qe5+ Kf8 46.
Qb8+ {Normal} 1/2-1/2

[Event "Rated Blitz game"]
[Site "?"]
[Date "2021.04.11"]
[Round "?"]
[White "kaithcel30"]
[Black "Riko_Sakurauchi"]
[Result "0-1"]
[WhiteElo "2296"]
[BlackElo "2416"]
[PlyCount "78"]
[EventDate "2021.??.??"]
[EventType "blitz"]
[TimeControl "180"]

1. e4 e5 2. Nf3 Nf6 3. Nc3 Nc6 4. Nxe5 Nxe5 5. d4 Ng6 6. e5 Ng8 7. Bc4 d5 8.
Bxd5 c6 9. Bb3 Be6 10. O-O N8e7 11. f4 Bxb3 12. axb3 Nf5 13. Ne2 h5 14. c3 Be7
15. Qd3 Qd7 16. Ng3 Nxg3 17. Qxg3 h4 18. Qd3 h3 19. g3 Qg4 20. Be3 Nh4 21. Qe4
Ng2 22. Bf2 O-O 23. c4 a6 24. d5 cxd5 25. cxd5 Rfe8 26. Rfd1 Rad8 27. Bb6 Rd7
28. Rd2 Bd6 29. Qd3 Nxf4 30. Qe3 Bxe5 31. Re1 f6 32. Kh1 Nxd5 33. Qf2 Nxb6 34.
Rxd7 Nxd7 35. Kg1 Bd4 36. Rxe8+ Kf7 37. Re2 Bxf2+ 38. Rxf2 Ne5 39. Kf1 Qd1# {
Normal} 0-1

[Event "Rated Blitz tournament spring21"]
[Site "?"]
[Date "2021.04.10"]
[Round "?"]
[White "intobolivian"]
[Black "Fairy_Wren"]
[Result "1-0"]
[WhiteElo "2511"]
[BlackElo "2223"]
[PlyCount "41"]
[EventDate "2021.??.??"]
[EventType "blitz"]
[TimeControl "300"]

1. e4 e5 2. Nf3 Nc6 3. Nc3 Nf6 4. Nxe5 Nxe5 5. d4 Ng6 6. e5 Ng8 7. Qf3 d5 8.
Qxd5 Qxd5 9. Nxd5 Kd8 10. Bc4 Be6 11. O-O N8e7 12. Ne3 Bxc4 13. Nxc4 Nd5 14. f4
c5 15. f5 Nge7 16. Nd6 cxd4 17. Nxf7+ Ke8 18. Nxh8 Nc6 19. e6 Bc5 20. Kh1 Ne5
21. Bf4 {Normal} 1-0

[Event "Rated Blitz tournament spring21"]
[Site "?"]
[Date "2021.04.10"]
[Round "?"]
[White "vovaches"]
[Black "Iwasinelectrical"]
[Result "1-0"]
[WhiteElo "2520"]
[BlackElo "2251"]
[PlyCount "105"]
[EventDate "2021.??.??"]
[EventType "blitz"]
[TimeControl "300"]

1. e4 e5 2. Nf3 Nc6 3. Nc3 Nf6 4. Nxe5 Nxe5 5. d4 Ng6 6. e5 Bb4 7. exf6 Qxf6 8.
Be2 O-O 9. O-O c6 10. Ne4 Qd8 11. c3 Be7 12. Bd3 d5 13. Ng3 Bd6 14. Nf5 Bxf5
15. Bxf5 Qf6 16. Qh5 Rfe8 17. Be3 h6 18. Rfe1 Nf4 19. Bxf4 Bxf4 20. g3 Bd6 21.
Bc2 a5 22. a4 Re6 23. Bf5 Re7 24. Rxe7 Qxe7 25. Bd3 Qf6 26. Re1 Qg5 27. Qf3 Qd2
28. Re2 Qg5 29. Kg2 Qd8 30. h4 Qd7 31. h5 Re8 32. Qf5 Re6 33. Qh7+ Kf8 34. Bf5
Ke7 35. Bxe6 fxe6 36. Qxg7+ Kd8 37. Qxh6 e5 38. dxe5 Bc5 39. Qf6+ Kc7 40. h6
Qg4 41. h7 Qxe2 42. h8=Q Qe4+ 43. Qf3 Qxa4 44. e6 Qc2 45. Qe5+ Kb6 46. e7 Bxe7
47. Qxe7 Qxb2 48. Qd8+ Ka6 49. Qd3+ b5 50. Qa8+ Kb6 51. Qd4+ Kc7 52. Qaa7+ Kd6
53. Qf6# {Normal} 1-0

[Event "Rated Blitz tournament spring21"]
[Site "?"]
[Date "2021.04.10"]
[Round "?"]
[White "vovaches"]
[Black "BughouseKnight"]
[Result "1-0"]
[WhiteElo "2455"]
[BlackElo "2457"]
[PlyCount "59"]
[EventDate "2021.??.??"]
[EventType "blitz"]
[TimeControl "300"]

1. e4 e5 2. Nf3 Nc6 3. Nc3 Nf6 4. Nxe5 Nxe5 5. d4 Ng6 6. e5 Ng8 7. Bc4 d6 8.
Qf3 Qd7 9. O-O dxe5 10. Re1 Bb4 11. dxe5 Bxc3 12. bxc3 Qe7 13. a4 Be6 14. Ba3
Bxc4 15. Bxe7 N8xe7 16. Qxb7 O-O 17. Qxc7 Rac8 18. Qxa7 Be6 19. a5 Rxc3 20. a6
Rfc8 21. Qb7 Bd5 22. Qb6 R3c6 23. Qb5 Bc4 24. Qb4 Bxa6 25. Rad1 Rxc2 26. h3 h6
27. e6 f6 28. Rd7 Kf8 29. Qb6 Bc4 30. Qd8+ {Normal} 1-0

[Event "Rated Blitz tournament spring21"]
[Site "?"]
[Date "2021.04.10"]
[Round "?"]
[White "waltereador"]
[Black "Puedolograrlo"]
[Result "0-1"]
[WhiteElo "2313"]
[BlackElo "2426"]
[PlyCount "144"]
[EventDate "2021.??.??"]
[EventType "blitz"]
[TimeControl "300"]

1. e4 e5 2. Nf3 Nf6 3. Nc3 Nc6 4. Nxe5 Nxe5 5. d4 Ng6 6. e5 Ng8 7. Bc4 d5 8.
Nxd5 Be6 9. Qf3 c6 10. Ne3 Qxd4 11. Bxe6 fxe6 12. O-O O-O-O 13. Rd1 Qxe5 14.
Rxd8+ Kxd8 15. Bd2 Nf6 16. Rd1 Kc8 17. Bc3 Qe4 18. Qg3 Bc5 19. h3 Bxe3 20. fxe3
e5 21. Qf2 Nd5 22. Bd2 Qxc2 23. Rc1 Qxb2 24. Qf5+ Kb8 25. Qe6 Qxd2 26. Qd6+ Ka8
27. Rxc6 bxc6 28. Qxc6+ Kb8 29. Qd6+ Kb7 30. Qd7+ Nc7 31. Qxd2 Re8 32. h4 e4
33. h5 Ne5 34. Qb4+ Kc8 35. Qxe4 g6 36. hxg6 Nxg6 37. Qg4+ Kb7 38. Qf3+ Kc8 39.
Qh3+ Kb7 40. Qxh7 Ne5 41. Qe4+ Kc8 42. Qf5+ Kb7 43. g4 Nc6 44. g5 Rxe3 45. g6
Re5 46. Qb1+ Kc8 47. Kh2 Rg5 48. Kh3 Ne5 49. Kh4 Rxg6 50. Qf5+ Re6 51. Qf8+ Kd7
52. Qa3 Nc6 53. Qd3+ Rd6 54. Qe3 Rd4+ 55. Kg3 Rd5 56. Kf2 Rf5+ 57. Kg1 Re5 58.
Qd3+ Ke6 59. Qg6+ Kd7 60. Qf7+ Re7 61. Qc4 Re6 62. Qd3+ Rd6 63. Qf5+ Re6 64.
Qf7+ Kd6 65. Qf4+ Kd7 66. Qa4 Kd6 67. Qd1+ Nd5 68. Qb3 Rg6+ 69. Kh1 Re6 70.
Qa3+ Ke5 71. Qa6 Nd4 72. Qxa7 Rh6+ {Time forfeit} 0-1

[Event "Rated Blitz game"]
[Site "?"]
[Date "2021.04.10"]
[Round "?"]
[White "Henry940622"]
[Black "chesszerorfl"]
[Result "1-0"]
[WhiteElo "2319"]
[BlackElo "2425"]
[PlyCount "77"]
[EventDate "2021.??.??"]
[EventType "blitz"]
[TimeControl "180"]

1. e4 e5 2. Nf3 Nc6 3. Nc3 Nf6 4. Nxe5 Nxe5 5. d4 Nc6 6. d5 Bc5 7. dxc6 bxc6 8.
Bd3 O-O 9. O-O h6 10. e5 Nd5 11. Ne4 Be7 12. a3 d6 13. f4 f5 14. exf6 Nxf6 15.
Nxf6+ Bxf6 16. Qh5 Qe8 17. Bg6 Qe6 18. f5 Qe7 19. Bd2 Bxb2 20. Rae1 Qf6 21. Rf3
Bd7 22. Bxh6 gxh6 23. Rg3 Bd4+ 24. Kh1 Be5 25. Qxh6 Qg7 26. Bh7+ Kh8 27. Rxg7
Bxg7 28. Qh5 Be5 29. Bg6+ Kg7 30. Qh7+ Kf6 31. Qh4+ Kg7 32. Qe7+ Kh6 33. h4 Rh8
34. Qg5+ Kg7 35. f6+ Kf8 36. Rxe5 dxe5 37. Qxe5 Re8 38. Bxe8 Bxe8 39. Qe7+ {
Normal} 1-0

[Event "Rated Blitz tournament spring21"]
[Site "?"]
[Date "2021.04.10"]
[Round "?"]
[White "Pepeoutai"]
[Black "legato"]
[Result "0-1"]
[WhiteElo "2375"]
[BlackElo "2434"]
[PlyCount "100"]
[EventDate "2021.??.??"]
[EventType "blitz"]
[TimeControl "300"]

1. e4 e5 2. Nf3 Nc6 3. Nc3 Nf6 4. Nxe5 Nxe5 5. d4 Nc6 6. d5 Bb4 7. dxc6 bxc6 8.
Bd3 d5 9. exd5 O-O 10. O-O Bg4 11. Qd2 cxd5 12. Qf4 Bd6 13. Qa4 Bd7 14. Qh4 c6
15. Bg5 h6 16. Bxf6 Qxf6 17. Qxf6 gxf6 18. Rfe1 Rab8 19. Rab1 Rfe8 20. Rxe8+
Bxe8 21. Kf1 Be5 22. Nd1 c5 23. c3 Bc6 24. f3 c4 25. Bc2 d4 26. cxd4 Bxd4 27.
Nf2 Rxb2 28. Rxb2 Bxb2 29. Ne4 Kf8 30. Ke2 Ke7 31. Kd2 Be5 32. g3 Ke6 33. Ke3
Kd5 34. Nd2 Bd4+ 35. Ke2 Kc5 36. Be4 Bb5 37. Kd1 Kb4 38. Bd5 Ba4+ 39. Ke2 c3
40. Nb3 Bb6 41. Kd3 Bb5+ 42. Kc2 a5 43. Bxf7 Bc6 44. a3+ Kxa3 45. Kxc3 a4 46.
Nd4 Bxd4+ 47. Kxd4 Kb2 48. f4 a3 49. g4 Ba4 50. h4 Bb3 {Normal} 0-1

[Event "Rated Blitz game"]
[Site "?"]
[Date "2021.04.09"]
[Round "?"]
[White "brunosten"]
[Black "africanmorphy"]
[Result "1-0"]
[WhiteElo "2446"]
[BlackElo "2326"]
[PlyCount "57"]
[EventDate "2021.??.??"]
[EventType "blitz"]
[TimeControl "180"]

1. e4 e5 2. Nf3 Nf6 3. Nc3 Nc6 4. Nxe5 Nxe5 5. d4 Ng6 6. e5 Ng8 7. Bc4 d6 8.
Qf3 Be6 9. Qxb7 dxe5 10. Bb5+ Bd7 11. O-O Bxb5 12. Nxb5 Bd6 13. dxe5 Nxe5 14.
Re1 Ne7 15. Bg5 f6 16. Rad1 Rb8 17. Nxd6+ cxd6 18. Qxa7 fxg5 19. Rxe5 dxe5 20.
Rxd8+ Rxd8 21. h3 Rf8 22. a4 Rd1+ 23. Kh2 Rd2 24. Qb8+ Kf7 25. Qxe5 Rxf2 26. a5
Ng6 27. Qd5+ Ke7 28. Qc5+ Kf7 29. Qxf2+ {Normal} 1-0

[Event "Rated Blitz tournament BL4jA8rX"]
[Site "?"]
[Date "2021.04.09"]
[Round "?"]
[White "khalid_ontawar"]
[Black "BughouseKnight"]
[Result "1-0"]
[WhiteElo "2244"]
[BlackElo "2476"]
[PlyCount "69"]
[EventDate "2021.??.??"]
[EventType "blitz"]
[TimeControl "180"]

1. e4 e5 2. Nc3 Nc6 3. Nf3 Nf6 4. Nxe5 Nxe5 5. d4 Ng6 6. e5 Ng8 7. Bc4 Bb4 8.
Qf3 Qe7 9. O-O Bxc3 10. bxc3 Nh6 11. Qe4 O-O 12. f4 d6 13. Ba3 Bf5 14. Qe3 Rfe8
15. Rae1 Qd7 16. h3 d5 17. Bd3 Bxd3 18. Qxd3 c6 19. f5 Nf8 20. f6 g6 21. Qe3
Nf5 22. Qd2 Ne6 23. Rf3 Nh4 24. Rg3 Nf5 25. Rg4 h5 26. Rg5 Nxg5 27. Qxg5 Kh7
28. Rf1 Nh6 29. Bc1 Ng8 30. Rf4 c5 31. Rh4 Nxf6 32. exf6 Re1+ 33. Kf2 Rxc1 34.
Rxh5+ Kg8 35. Rh8+ {Normal} 1-0

[Event "Rated Blitz game"]
[Site "?"]
[Date "2021.04.09"]
[Round "?"]
[White "Petr_Kruglikov"]
[Black "Kingwannabe"]
[Result "0-1"]
[WhiteElo "2366"]
[BlackElo "2401"]
[PlyCount "134"]
[EventDate "2021.??.??"]
[EventType "blitz"]
[TimeControl "180+2"]

1. e4 Nf6 2. Nc3 e5 3. Nf3 Nc6 4. Nxe5 Nxe5 5. d4 Bb4 6. dxe5 Nxe4 7. Qd4 Nxc3
8. Qxb4 Nd5 9. Qg4 Kf8 10. Bg5 Qe8 11. O-O-O Nb6 12. Qd4 h6 13. Bf4 Qe6 14. Kb1
g5 15. Bg3 Kg7 16. h4 g4 17. Be2 h5 18. f3 gxf3 19. gxf3 Kf8 20. Qc5+ Ke8 21.
Qxc7 Qc6 22. Qxc6 dxc6 23. Bd3 Be6 24. b3 Ke7 25. c4 Rad8 26. Kc2 Rd7 27. Be4
Rhd8 28. Rxd7+ Rxd7 29. Rd1 Rxd1 30. Kxd1 f6 31. exf6+ Kxf6 32. Kd2 Nd7 33. Bf2
a6 34. Ke3 Nc5 35. Bc2 b5 36. Kd4 Nd7 37. c5 Bf5 38. Be4 Bxe4 39. fxe4 Ke6 40.
Bg3 Nf6 41. b4 Ng4 42. Bd6 Nf6 43. Ke3 Ne8 44. e5 Kf5 45. Kf3 Ng7 46. Ke3 Ne6
47. Kf3 Nd4+ 48. Kg3 Nc2 49. e6 Kxe6 50. Kf4 Nxb4 51. Kg5 Nxa2 52. Kxh5 b4 53.
Bf8 Nc3 54. Bg7 a5 55. Kg6 a4 56. h5 a3 57. h6 a2 58. h7 a1=Q 59. h8=Q Qg1+ 60.
Kh7 Qh1+ 61. Bh6 Qe4+ 62. Kg8 Qg6+ 63. Bg7 Qf7+ 64. Kh7 Ne4 65. Qc8+ Kd5 66.
Qa8 Nf6+ 67. Kh6 Qh5# {Normal} 0-1

[Event "Rated Blitz tournament y4YX31HL"]
[Site "?"]
[Date "2021.04.09"]
[Round "?"]
[White "EndritUruci"]
[Black "ajetm"]
[Result "1-0"]
[WhiteElo "2424"]
[BlackElo "2226"]
[PlyCount "47"]
[EventDate "2021.??.??"]
[EventType "blitz"]
[TimeControl "180"]

1. Nc3 Nc6 2. e4 e5 3. Nf3 Nf6 4. Nxe5 Nxe5 5. d4 Nc6 6. d5 Ne5 7. f4 Ng6 8. e5
Ng8 9. d6 cxd6 10. exd6 Qb6 11. Nb5 Kd8 12. Bc4 Nh6 13. Qd3 a6 14. Be3 Qa5+ 15.
b4 axb5 16. bxa5 bxc4 17. Bb6+ Ke8 18. Qe4+ Be7 19. O-O-O f5 20. Qe2 Kf7 21.
dxe7 Nxe7 22. Rhe1 Ng6 23. Rd6 Rf8 24. Qxc4# {Normal} 1-0

[Event "Rated Blitz tournament BL4jA8rX"]
[Site "?"]
[Date "2021.04.09"]
[Round "?"]
[White "ibad_KBPL"]
[Black "KLYBERN"]
[Result "1-0"]
[WhiteElo "2354"]
[BlackElo "2525"]
[PlyCount "79"]
[EventDate "2021.??.??"]
[EventType "blitz"]
[TimeControl "180"]

1. e4 e5 2. Nc3 Nc6 3. Nf3 Nf6 4. Nxe5 Nxe5 5. d4 Ng6 6. e5 d5 7. exf6 Be6 8.
fxg7 Bxg7 9. Be2 Qd7 10. Be3 O-O-O 11. Qd2 Bf5 12. O-O-O Rhe8 13. h3 Kb8 14. g4
Be6 15. f4 f5 16. g5 Nh4 17. Rhg1 Bf7 18. Rde1 a6 19. Bf2 Ng6 20. b3 Ne7 21.
Na4 Nc6 22. Nc5 Qc8 23. c3 Bf8 24. Nd3 Na7 25. Ne5 Be6 26. Kb1 c5 27. dxc5 Bxc5
28. Bxc5 Qxc5 29. g6 hxg6 30. Rxg6 Rc8 31. Kb2 Nb5 32. Bxb5 Qxb5 33. Qd4 Rg8
34. Rxe6 Rg2+ 35. Ka1 Qa5 36. Nd7+ Ka8 37. Nb6+ Kb8 38. Qe5+ Rc7 39. a4 Qc5 40.
Nd7+ {Normal} 1-0

[Event "Rated Blitz game"]
[Site "?"]
[Date "2021.04.09"]
[Round "?"]
[White "Pepeoutai"]
[Black "LuisMarini"]
[Result "1/2-1/2"]
[WhiteElo "2407"]
[BlackElo "2557"]
[PlyCount "69"]
[EventDate "2021.??.??"]
[EventType "blitz"]
[TimeControl "180+2"]

1. e4 e5 2. Nf3 Nc6 3. Nc3 Nf6 4. Nxe5 Nxe5 5. d4 Nc6 6. d5 Bb4 7. dxc6 bxc6 8.
Bd3 d5 9. exd5 O-O 10. O-O cxd5 11. Bg5 c6 12. Qf3 Re8 13. Bxf6 Qxf6 14. Qxf6
gxf6 15. Ne2 c5 16. c3 Ba5 17. Ng3 Rb8 18. Rab1 Bc7 19. Rfe1 Rxe1+ 20. Rxe1 Be6
21. b3 c4 22. bxc4 dxc4 23. Bf5 Bxg3 24. Bxe6 Bxf2+ 25. Kxf2 fxe6 26. Rxe6 Rb2+
27. Re2 Rb6 28. Ke3 Re6+ 29. Kf3 Rd6 30. Re4 Rd3+ 31. Re3 Rd2 32. Re2 Rd3+ 33.
Re3 Rd2 34. Re2 Rd3+ 35. Re3 {Normal} 1/2-1/2

[Event "Rated Blitz tournament 07t0IIY1"]
[Site "?"]
[Date "2021.04.08"]
[Round "?"]
[White "BorobudurBKD"]
[Black "Rkapriaga"]
[Result "1-0"]
[WhiteElo "2576"]
[BlackElo "2222"]
[PlyCount "59"]
[EventDate "2021.??.??"]
[EventType "blitz"]
[TimeControl "180"]

1. e4 e5 2. Nf3 Nc6 3. Nc3 Nf6 4. Nxe5 Nxe5 5. d4 Ng6 6. e5 Ng8 7. Bc4 Bb4 8.
O-O Bxc3 9. bxc3 d5 10. exd6 cxd6 11. Qf3 Nf6 12. Re1+ Kf8 13. h3 h6 14. Bd3 d5
15. Rb1 b6 16. c4 Bb7 17. c5 Rc8 18. a4 Kg8 19. a5 Kh7 20. axb6 axb6 21. Rxb6
Rc7 22. h4 h5 23. Bg5 Re8 24. Rxe8 Qxe8 25. Rxf6 gxf6 26. Qxh5+ Kg8 27. Bxf6
Qe1+ 28. Bf1 Ba6 29. Qh6 Qxf1+ 30. Kh2 {Normal} 1-0

[Event "Rated Blitz game"]
[Site "?"]
[Date "2021.04.08"]
[Round "?"]
[White "mincso"]
[Black "Chrobry1"]
[Result "0-1"]
[WhiteElo "2353"]
[BlackElo "2442"]
[PlyCount "74"]
[EventDate "2021.??.??"]
[EventType "blitz"]
[TimeControl "180+2"]

1. e4 e5 2. Nf3 Nf6 3. Nc3 Nc6 4. Nxe5 Nxe5 5. d4 Ng6 6. e5 Ng8 7. Bc4 c6 8.
Qf3 f5 9. Bxg8 Rxg8 10. Qxf5 d6 11. Qh5 Qh4 12. Qe2 Qxd4 13. exd6+ Qe5 14. Be3
Bf5 15. O-O-O O-O-O 16. Qc4 Bxd6 17. Bxa7 Qf4+ 18. Qxf4 Bxf4+ 19. Kb1 Rxd1+ 20.
Rxd1 Rd8 21. g3 Be5 22. Rxd8+ Kxd8 23. Bb6+ Kd7 24. Nd1 Ne7 25. Ne3 Be6 26. c4
h5 27. Kc2 Nf5 28. Kd3 Nxe3 29. Bxe3 b5 30. cxb5 cxb5 31. b3 Bf5+ 32. Kd2 Kc6
33. a4 g6 34. f3 Be6 35. Kc2 Bd5 36. f4 Bf6 37. Bd2 Bd4 {Time forfeit} 0-1

[Event "Rated Blitz tournament UoMuWH1Q"]
[Site "?"]
[Date "2021.04.08"]
[Round "?"]
[White "Pepeoutai"]
[Black "Wiljalba"]
[Result "1/2-1/2"]
[WhiteElo "2407"]
[BlackElo "2240"]
[PlyCount "118"]
[EventDate "2021.??.??"]
[EventType "blitz"]
[TimeControl "180"]

1. e4 e5 2. Nf3 Nc6 3. Nc3 Nf6 4. Nxe5 Nxe5 5. d4 Nc6 6. d5 Ne5 7. f4 Ng6 8. e5
d6 9. exf6 Qxf6 10. g3 Qe7+ 11. Qe2 Bg4 12. Qxe7+ Bxe7 13. Be2 h5 14. Bd2 O-O-O
15. O-O-O Bf6 16. Rde1 Rde8 17. Bd3 Ne7 18. Bc4 Nf5 19. Ne4 Rxe4 20. Rxe4 Bf3
21. Rhe1 Bxe4 22. Rxe4 Kd7 23. Bd3 g6 24. c4 Re8 25. Rxe8 Kxe8 26. b3 Bd4 27.
Be1 Bg1 28. h3 Bh2 29. Bxf5 gxf5 30. Kd1 h4 31. gxh4 Bxf4 32. Ke2 Bh6 33. Kf3
Ke7 34. Bg3 Kf6 35. Bf4 Bg7 36. Bd2 Kg6 37. Bg5 f6 38. Bd2 c6 39. Bf4 Bf8 40.
a4 a6 41. dxc6 bxc6 42. b4 d5 43. b5 cxb5 44. cxb5 axb5 45. axb5 Bc5 46. Be3 d4
47. Bf2 Bb6 48. Be1 f4 49. Kxf4 Kh5 50. Kf5 d3 51. Kxf6 Be3 52. Ke5 d2 53. Bxd2
Bxd2 54. Ke4 Be1 55. Kd5 Bg3 56. Kc6 Kxh4 57. b6 Kxh3 58. b7 Bf4 59. b8=Q Bxb8
{Normal} 1/2-1/2

[Event "Rated Blitz game"]
[Site "?"]
[Date "2021.04.08"]
[Round "?"]
[White "Din-don-dan"]
[Black "ScrappyCokko"]
[Result "0-1"]
[WhiteElo "2410"]
[BlackElo "2476"]
[PlyCount "78"]
[EventDate "2021.??.??"]
[EventType "blitz"]
[TimeControl "180"]

1. e4 Nc6 2. Nf3 e5 3. Nc3 Nf6 4. Nxe5 Nxe5 5. d4 Ng6 6. e5 Ng8 7. Bc4 d6 8.
Qf3 Be6 9. Bxe6 fxe6 10. Qxb7 Rb8 11. Qe4 d5 12. Qd3 Bb4 13. O-O Bxc3 14. bxc3
N8e7 15. h4 O-O 16. h5 Nf4 17. Bxf4 Rxf4 18. Rab1 Rb6 19. g3 Rf5 20. h6 g6 21.
Rxb6 axb6 22. a4 Nc6 23. Qb5 Na5 24. f4 Rf7 25. Rf2 Qd7 26. Qa6 Rf8 27. g4 Qxa4
28. f5 Qa1+ 29. Kg2 gxf5 30. gxf5 Qxc3 31. Qb5 Qxd4 32. Qd7 Qe4+ 33. Kg1 Qe1+
34. Kg2 Qxe5 35. f6 Qg5+ 36. Kf1 Qxh6 37. Rg2+ Kh8 38. Qg7+ Qxg7 39. Rxg7 Rxf6+
{Normal} 0-1